Państwa Graniczące z Polską w 992 Roku - Statystyki

Ogólne statystyki
  • Ten quiz został rozwiązany 28 razy
  • Średni wynik to 4 z 9
Statystyki odpowiedzi
Religia Państwo % Poprawnych
Chrześcijaństwo Czechy / Księstwo Czech
95%
Chrześcijaństwo Ruś Kijowska
75%
Chrześcijaństwo Węgry / Królestwo Węgier
70%
Chrześcijaństwo Marchia Łużycka / Święte Cesarstwo Rzymskie
40%
Chrześcijaństwo Marchia Miśnieńska / Święte Cesarstwo Rzymskie
40%
Chrześcijaństwo Marchia Wschodnia / Święte Cesarstwo Rzymskie
35%
Pogaństwo Związek Wielecki / Wieleci
35%
Pogaństwo Jaćwingowie
25%
Pogaństwo Prusowie
20%
Nie znaleziono quizów pasujących do podanych kryteriów
Rozkład punktacji
Procent ludzi z każdym wynikiem
Percentyl według liczby udzielonych odpowiedzi
Twoja historia wyników
Nie rozwiązałeś tego quizu